| 000 | 01790nam a22003854a 4500 | ||
|---|---|---|---|
| 001 | ebr10112733 | ||
| 003 | CaPaEBR | ||
| 006 | m u | ||
| 007 | cr cn||||||||| | ||
| 008 | 021129s2002 ncua sb 001 0 eng | ||
| 010 | _z 2002728150 | ||
| 020 | _z0738425117 | ||
| 040 |
_aCaPaEBR _cCaPaEBR |
||
| 035 | _a(OCoLC)560314383 | ||
| 050 | 1 | 4 |
_aTK5105.8885.W43 _bW425453 2002eb |
| 245 | 0 | 0 |
_aWebSphere J2EE application development for the IBM @ server iSeries server _h[electronic resource] / _c[Bob Maatta ... et al.]. |
| 250 | _a1st ed. | ||
| 260 |
_a[Research Triangle Park, NC] : _bIBM, International Technical Support Organization, _c2002. |
||
| 300 |
_axiv, 440 p. : _bill. |
||
| 490 | 1 | _aIBM redbooks | |
| 500 | _a"May 2002." | ||
| 500 | _a"This edition applies to Version 4, Release 0, of WebSphere Application Server Advanced Edition for iSeries, Program number 5733-WA4, and Version 4, Release 0, of WebSphere Application Server Advanced single server edition for iSeries, Program number 5733-WS4, for use with the OS/400 V5R1"--T.p. verso. | ||
| 500 | _a"SG24-6559-00." | ||
| 504 | _aIncludes bibliographical references (p. 427-428) and index. | ||
| 533 |
_aElectronic reproduction. _bPalo Alto, Calif. : _cebrary, _d2013. _nAvailable via World Wide Web. _nAccess may be limited to ebrary affiliated libraries. |
||
| 630 | 0 | 0 | _aWebSphere. |
| 650 | 0 |
_aApplication software _xDevelopment. |
|
| 650 | 0 | _aJava (Computer program language) | |
| 650 | 0 |
_aWeb site development _xComputer programs. |
|
| 655 | 7 |
_aElectronic books. _2local |
|
| 700 | 1 | _aMaatta, Bob. | |
| 710 | 2 | _aebrary, Inc. | |
| 830 | 0 | _aIBM redbooks. | |
| 856 | 4 | 0 |
_uhttp://site.ebrary.com/lib/rucke/Doc?id=10112733 _zAn electronic book accessible through the World Wide Web; click to view |
| 999 |
_c211183 _d211183 |
||